[Event "Quebec op U2000"]
[Site "Ste-Foy CAN"]
[Date "2017.08.12"]
[Round "1.28"]
[White "Lalonde, Jean-Louis"]
[Black "Rouleau, Claude"]
[Result "1-0"]
[WhiteElo "1891"]
[BlackElo "1714"]
[WhiteFideId "-1"]
[WhiteFideId "-1"]
[PlyCount "59"]
[GameId "2160767908347337"]
[EventDate "2017.08.12"]
[EventType "swiss"]
[EventRounds "9"]
[EventCountry "CAN"]
[SourceTitle "EXT 2022"]
[Source "ChessBase"]
[SourceDate "2021.10.06"]
[SourceVersion "1"]
[SourceVersionDate "2021.10.06"]
[SourceQuality "1"]

1. d4 d5 2. Nf3 g6 3. e3 Nf6 4. c4 dxc4 5. Bxc4 Bg7 6. Nc3 O-O 7. O-O b6 8. Qe2 Bb7 9. e4 e6 10. Bg5 Qc8 11. e5 Nd5 12. Ne4 Nd7 13. Rac1 Re8 14. Qd2 f5 15. Nd6 cxd6 16. Bxd5 Qb8 17. Bxb7 Qxb7 18. exd6 Qd5 19. Be7 Bf6 20. Rc7 Bxe7 21. dxe7 Rxe7 22. Rfc1 Ree8 23. Qh6 Qd6 24. Ne5 Qf8 25. Qh4 Qf6 26. Qh3 Nf8 27. Rf7 Rac8 28. Rf1 Qg5 29. f4 Qd8 30. Qh6 1-0

[Event "Quebec op U2000"]
[Site "Ste-Foy CAN"]
[Date "2017.08.13"]
[Round "2"]
[White "Genest, Dominic"]
[Black "Gauthier, Luc"]
[Result "0-1"]
[WhiteElo "1757"]
[BlackElo "1696"]
[WhiteFideId "-1"]
[WhiteFideId "-1"]
[PlyCount "68"]
[GameId "2160767908347338"]
[EventDate "2017.08.12"]
[EventType "swiss"]
[EventRounds "9"]
[EventCountry "CAN"]
[SourceTitle "EXT 2022"]
[Source "ChessBase"]
[SourceDate "2021.10.06"]
[SourceVersion "1"]
[SourceVersionDate "2021.10.06"]
[SourceQuality "1"]

1. c4 f5 2. g3 Nf6 3. Nf3 e6 4. Bg2 Be7 5. Nc3 O-O 6. O-O d6 7. b4 e5 8. Qb3 h6 9. b5 Qe8 10. d3 Kh8 11. a4 Nbd7 12. Ba3 Qh5 13. Nh4 Nc5 14. Bxc5 dxc5 15. Bf3 Qe8 16. Kh1 g5 17. Nxf5 Bxf5 18. Bxb7 Rb8 19. Bg2 Qh5 20. f3 Bh3 21. Rf2 Bxg2+ 22. Rxg2 Bd6 23. Nd1 g4 24. Rf2 gxf3 25. exf3 Nh7 26. Kg2 Ng5 27. h4 Nxf3 28. Ne3 Nd4 29. Qd1 Rxf2+ 30. Kxf2 Rf8+ 31. Kg2 Qf7 32. Kh3 Qe6+ 33. Kg2 Rf3 34. Ra2 Rxe3 0-1

[Event "Quebec op U2000"]
[Site "Ste-Foy CAN"]
[Date "2017.08.13"]
[Round "2.23"]
[White "Robillard, Jean-Philippe"]
[Black "Fecteau, Martin"]
[Result "0-1"]
[WhiteElo "1825"]
[BlackElo "1947"]
[WhiteFideId "-1"]
[WhiteFideId "-1"]
[PlyCount "126"]
[GameId "2160767908347339"]
[EventDate "2017.08.12"]
[EventType "swiss"]
[EventRounds "9"]
[EventCountry "CAN"]
[SourceTitle "EXT 2022"]
[Source "ChessBase"]
[SourceDate "2021.10.06"]
[SourceVersion "1"]
[SourceVersionDate "2021.10.06"]
[SourceQuality "1"]

1. d4 d5 2. c4 c6 3. Nc3 Nf6 4. Nf3 a6 5. Bg5 e6 6. e3 Be7 7. Bd3 Nbd7 8. O-O h6 9. Bh4 O-O 10. Qe2 dxc4 11. Bxc4 b5 12. Bd3 c5 13. Bxf6 Nxf6 14. dxc5 Bxc5 15. Rfd1 Qb6 16. Ne4 Be7 17. Rac1 Bb7 18. Ng3 Rac8 19. Bb1 Bd5 20. Rxc8 Rxc8 21. Ne5 Qc7 22. Ng4 Nxg4 23. Qxg4 Qe5 24. Qe2 f5 25. Qd2 Bf6 26. Nxf5 exf5 27. f4 Qe6 28. Bxf5 Qxf5 29. Qxd5+ Qxd5 30. Rxd5 Rc2 31. Rd6 a5 32. e4 Be7 33. Ra6 a4 34. e5 Bc5+ 35. Kf1 Rf2+ 36. Ke1 Rxf4 37. e6 Kf8 38. Rc6 Bd4 39. b3 axb3 40. axb3 b4 41. Rd6 Ke7 42. Rd7+ Kxe6 43. Rb7 Bc3+ 44. Ke2 Rf7 45. Rb6+ Kd5 46. Kd3 Rf2 47. Rg6 Rd2+ 48. Ke3 Rb2 49. h4 Rxb3 50. Kf4 Be5+ 51. Kf5 Bf6 52. Rg4 Rb1 53. Kg6 b3 54. Rb4 b2 55. g3 Rg1 56. Rb5+ Ke4 57. Rxb2 Bxb2 58. Kh5 Kd5 59. Kg6 Rxg3+ 60. Kh5 Ra3 61. Kg6 Ra6+ 62. Kh7 g5 63. h5 g4 0-1

[Event "Quebec op U2000"]
[Site "Ste-Foy CAN"]
[Date "2017.08.13"]
[Round "2.24"]
[White "Pecorini, Angie"]
[Black "Cummins, Paul"]
[Result "1-0"]
[WhiteElo "1901"]
[BlackElo "1781"]
[WhiteFideId "-1"]
[WhiteFideId "-1"]
[PlyCount "135"]
[GameId "2160767908347340"]
[EventDate "2017.08.12"]
[EventType "swiss"]
[EventRounds "9"]
[EventCountry "CAN"]
[SourceTitle "EXT 2022"]
[Source "ChessBase"]
[SourceDate "2021.10.06"]
[SourceVersion "1"]
[SourceVersionDate "2021.10.06"]
[SourceQuality "1"]

1. d4 Nf6 2. c4 e6 3. Nc3 d5 4. cxd5 exd5 5. Bf4 c6 6. e3 Be7 7. Bd3 Nbd7 8. Nge2 Nh5 9. Be5 Nxe5 10. dxe5 g6 11. Nd4 Ng7 12. Rc1 Ne6 13. O-O O-O 14. f4 Nxd4 15. exd4 f5 16. Ne2 Qb6 17. Qc2 Be6 18. g4 Rac8 19. gxf5 Bxf5 20. Bxf5 Rxf5 21. Kh1 Rcf8 22. Rg1 Qd8 23. Rg4 Qe8 24. Rcg1 Kh8 25. Qd2 Bd8 26. h3 Rh5 27. Kh2 Rhf5 28. Ng3 R5f7 29. Qe3 Qe6 30. Ne2 Rf5 31. Rf1 Rh5 32. Kg2 Rhf5 33. Kg1 Bb6 34. Qg3 Rg8 35. Qe3 Rgf8 36. Kg2 Bd8 37. Kh2 Rh5 38. Rg2 Rhf5 39. Rgf2 Bh4 40. Rf3 R5f7 41. Rg1 Bd8 42. Kg2 Bb6 43. Rgf1 Bd8 44. Qf2 Rf5 45. Nc3 Be7 46. Nd1 g5 47. Qd2 gxf4 48. Nf2 Rg8+ 49. Kh2 Bh4 50. Ng4 Bg3+ 51. Kh1 Rh5 52. Kg1 Rxh3 53. Nf6 Bh2+ 54. Kf2 Rxf3+ 55. Kxf3 Qh3+ 56. Ke2 Rg2+ 57. Rf2 Rxf2+ 58. Kxf2 Bg3+ 59. Ke2 f3+ 60. Ke3 Qf5 61. Qb4 Qf4+ 62. Kd3 Qf5+ 63. Kd2 Bf4+ 64. Kc3 Bh6 65. Qe7 Bd2+ 66. Kxd2 Qf4+ 67. Kc2 Qf5+ 68. Kc3 1-0

[Event "Quebec op U2000"]
[Site "Ste-Foy CAN"]
[Date "2017.08.13"]
[Round "2.25"]
[White "Sarra-Bournet, Marc"]
[Black "Lalonde, Jean-Louis"]
[Result "1/2-1/2"]
[WhiteElo "1793"]
[BlackElo "1891"]
[WhiteFideId "-1"]
[WhiteFideId "-1"]
[PlyCount "129"]
[GameId "2160767908347341"]
[EventDate "2017.08.12"]
[EventType "swiss"]
[EventRounds "9"]
[EventCountry "CAN"]
[SourceTitle "EXT 2022"]
[Source "ChessBase"]
[SourceDate "2021.10.06"]
[SourceVersion "1"]
[SourceVersionDate "2021.10.06"]
[SourceQuality "1"]

1. e4 c5 2. Nc3 Nc6 3. f4 e6 4. Nf3 d5 5. Bb5 Nge7 6. O-O d4 7. Na4 a6 8. Be2 Ng6 9. b3 b5 10. f5 exf5 11. exf5 Bxf5 12. Nb2 Be7 13. d3 Be6 14. a4 O-O 15. axb5 axb5 16. Rxa8 Qxa8 17. Bd2 Qa2 18. Qc1 Nce5 19. Nxe5 Nxe5 20. Bf4 Ng6 21. Bg3 f5 22. Bf3 f4 23. Bf2 Ne5 24. Be4 Ng4 25. Bc6 Qa6 26. Be4 Ne3 27. Re1 Qd6 28. c4 dxc3 29. Qxc3 Bf6 30. Qc1 Bxb3 31. Bxe3 fxe3 32. Nd1 Bxd1 33. Qxd1 Bd4 34. Kh1 Qf4 35. Bf3 Be5 36. Bd5+ Kh8 37. g3 Qd4 38. Be4 g6 39. Qe2 c4 40. Qxe3 Qxe3 41. Rxe3 Bd4 42. Rf3 Rxf3 43. Bxf3 cxd3 44. Be4 d2 45. Bc2 Kg7 46. Kg2 Kf6 47. Kf3 b4 48. Kf4 h6 49. h3 h5 50. g4 g5+ 51. Ke4 hxg4 52. hxg4 Bc3 53. Bb3 Be5 54. Kd5 Bf4 55. Kc5 Ke5 56. Kxb4 Kd4 57. Bd1 Bd6+ 58. Kb3 Kd3 59. Kb2 Be5+ 60. Kb1 Bf6 61. Bf3 Ke3 62. Bd1 Kf2 63. Kc2 Ke1 64. Bf3 Bb2 65. Bd1 1/2-1/2

[Event "Quebec op U2000"]
[Site "Ste-Foy CAN"]
[Date "2017.08.13"]
[Round "2.26"]
[White "Tinica, Gabriel"]
[Black "Jobin, Rock"]
[Result "1-0"]
[WhiteElo "1880"]
[BlackElo "1617"]
[WhiteFideId "-1"]
[WhiteFideId "-1"]
[PlyCount "79"]
[GameId "2160767908347342"]
[EventDate "2017.08.12"]
[EventType "swiss"]
[EventRounds "9"]
[EventCountry "CAN"]
[SourceTitle "EXT 2022"]
[Source "ChessBase"]
[SourceDate "2021.10.06"]
[SourceVersion "1"]
[SourceVersionDate "2021.10.06"]
[SourceQuality "1"]

1. d4 Nf6 2. c4 g6 3. Nc3 Bg7 4. e4 d6 5. f4 O-O 6. Nf3 c5 7. d5 Bg4 8. Be2 Bxf3 9. Bxf3 Nbd7 10. O-O Nb6 11. Qe2 Nfd7 12. Rd1 a6 13. Be3 Qc7 14. a4 Rae8 15. a5 Nc8 16. g4 e5 17. f5 Qd8 18. Qg2 Kh8 19. Qh3 Rg8 20. g5 gxf5 21. Qxf5 Ne7 22. Qxf7 Ref8 23. Qh5 Ng6 24. Bg4 Nf4 25. Bxf4 Rxf4 26. Bf5 Nf8 27. Ne2 Rxf5 28. exf5 Bf6 29. g6 Qe7 30. Kh1 e4 31. Nf4 Qe5 32. gxh7 Rg7 33. Ne6 Nxe6 34. dxe6 e3 35. Qf3 Rxh7 36. h3 Rh4 37. Rg1 Qd4 38. Rg4 Rxg4 39. Qxg4 Qxb2 40. Qh5+ 1-0

[Event "Quebec op U2000"]
[Site "Ste-Foy CAN"]
[Date "2017.08.13"]
[Round "2.27"]
[White "Desbiens, Raphael"]
[Black "Bolduc, Olivier"]
[Result "1-0"]
[WhiteElo "1954"]
[BlackElo "1593"]
[WhiteFideId "-1"]
[WhiteFideId "-1"]
[PlyCount "73"]
[GameId "2160767908347343"]
[EventDate "2017.08.12"]
[EventType "swiss"]
[EventRounds "9"]
[EventCountry "CAN"]
[SourceTitle "EXT 2022"]
[Source "ChessBase"]
[SourceDate "2021.10.06"]
[SourceVersion "1"]
[SourceVersionDate "2021.10.06"]
[SourceQuality "1"]

1. e4 c6 2. d4 d5 3. Nc3 dxe4 4. Nxe4 Bf5 5. Ng3 Bg6 6. h4 h6 7. Nf3 Nf6 8. Ne5 Bh7 9. Bc4 e6 10. Qe2 Qe7 11. f4 Nbd7 12. f5 Nxe5 13. dxe5 Nd5 14. Bxd5 exd5 15. a3 Qd7 16. Qf3 O-O-O 17. Be3 Qc7 18. Bf4 Qb6 19. O-O-O Bc5 20. Rd3 Qc7 21. Qg4 f6 22. exf6 Bd6 23. Bxd6 Rxd6 24. fxg7 Rg8 25. Nh5 Qd7 26. Rf3 Re8 27. Qg3 Bg8 28. Re1 Rxe1+ 29. Qxe1 Qf7 30. Qe5 Rd7 31. Qe6 Qxh5 32. Qxg8+ Kc7 33. Qe6 Qxh4 34. g8=Q Kb6 35. Qg3 Qh1+ 36. Qee1 Qh5 37. Qb4+ 1-0

[Event "Quebec op U2000"]
[Site "Ste-Foy CAN"]
[Date "2017.08.13"]
[Round "2.28"]
[White "Sauve, Richard"]
[Black "Liard, Serge"]
[Result "1-0"]
[WhiteElo "1857"]
[BlackElo "1991"]
[WhiteFideId "-1"]
[WhiteFideId "-1"]
[PlyCount "113"]
[GameId "2160767908347344"]
[EventDate "2017.08.12"]
[EventType "swiss"]
[EventRounds "9"]
[EventCountry "CAN"]
[SourceTitle "EXT 2022"]
[Source "ChessBase"]
[SourceDate "2021.10.06"]
[SourceVersion "1"]
[SourceVersionDate "2021.10.06"]
[SourceQuality "1"]

1. d4 d5 2. c4 c6 3. e3 Bf5 4. Nf3 e6 5. Nc3 Nf6 6. Qb3 Qb6 7. c5 Qc7 8. Be2 Nbd7 9. O-O h6 10. Bd2 Be7 11. a4 O-O 12. a5 e5 13. Na4 e4 14. Ne1 Ng4 15. g3 Ngf6 16. Qd1 Bh3 17. Ng2 g6 18. b4 h5 19. Rb1 a6 20. Nb6 Rad8 21. Re1 Kg7 22. f4 exf3 23. Bxf3 Bg4 24. Nf4 Bxf3 25. Qxf3 Ne4 26. Rb2 Ndf6 27. Rf1 Ng5 28. Qg2 Rde8 29. Na4 Bd8 30. Nc3 Ng4 31. Nd1 Ne4 32. Qf3 Nxd2 33. Rxd2 Qe7 34. Ng2 Qe4 35. Nc3 Qxf3 36. Rxf3 Bg5 37. Re2 Bf6 38. h3 Nh6 39. Nf4 Bd8 40. e4 dxe4 41. Rxe4 Rxe4 42. Nxe4 Bc7 43. d5 Bxf4 44. Rxf4 f5 45. Ng5 Re8 46. d6 Kf6 47. Nf3 Rd8 48. Kf2 Nf7 49. Rd4 Ke6 50. Ke3 Rd7 51. Kf4 Kf6 52. h4 Nd8 53. Ng5 b6 54. axb6 Nb7 55. Rd1 a5 56. Re1 axb4 57. Re6+ 1-0

[Event "Quebec op U2000"]
[Site "Ste-Foy CAN"]
[Date "2017.08.13"]
[Round "3"]
[White "Gauthier, Luc"]
[Black "Robillard, Jean-Philippe"]
[Result "0-1"]
[WhiteElo "1695"]
[BlackElo "1825"]
[WhiteFideId "-1"]
[WhiteFideId "-1"]
[PlyCount "78"]
[GameId "2160767908347345"]
[EventDate "2017.08.12"]
[EventType "swiss"]
[EventRounds "9"]
[EventCountry "CAN"]
[SourceTitle "EXT 2022"]
[Source "ChessBase"]
[SourceDate "2021.10.06"]
[SourceVersion "1"]
[SourceVersionDate "2021.10.06"]
[SourceQuality "1"]

1. e4 e6 2. d4 d5 3. e5 c5 4. c3 Nc6 5. Nf3 Bd7 6. Be2 Rc8 7. O-O Qb6 8. dxc5 Bxc5 9. b4 Bf8 10. Be3 Qc7 11. b5 Na5 12. Bd4 Ne7 13. Nbd2 Nc4 14. Bxc4 dxc4 15. Ne4 Ng6 16. a4 Nf4 17. Qd2 Nd3 18. Qg5 h6 19. Qh5 Nf4 20. Qg4 Ne2+ 21. Kh1 Nxd4 22. cxd4 Rd8 23. Rac1 a6 24. Rfe1 axb5 25. axb5 Bxb5 26. Qh5 Be7 27. Qg4 Kf8 28. Ng3 Bc6 29. Nh5 g6 30. Nf4 Kg7 31. Nh5+ Kh7 32. Nf4 Bd5 33. Nd2 b5 34. Ne4 b4 35. Nf6+ Bxf6 36. exf6 b3 37. Nxd5 Rxd5 38. Rc3 Qa5 39. Rg3 Qxe1# 0-1

[Event "Quebec op U2000"]
[Site "Ste-Foy CAN"]
[Date "2017.08.13"]
[Round "3.22"]
[White "Fecteau, Martin"]
[Black "Tinica, Gabriel"]
[Result "0-1"]
[WhiteElo "1947"]
[BlackElo "1880"]
[WhiteFideId "-1"]
[WhiteFideId "-1"]
[PlyCount "140"]
[GameId "2160767908347346"]
[EventDate "2017.08.12"]
[EventType "swiss"]
[EventRounds "9"]
[EventCountry "CAN"]
[SourceTitle "EXT 2022"]
[Source "ChessBase"]
[SourceDate "2021.10.06"]
[SourceVersion "1"]
[SourceVersionDate "2021.10.06"]
[SourceQuality "1"]

1. Nf3 d5 2. d4 e6 3. c4 c6 4. Nbd2 f5 5. g3 Nf6 6. Bg2 Bd6 7. O-O O-O 8. b3 Ne4 9. Bb2 Nd7 10. Qc2 Ndf6 11. Ne5 Bd7 12. f3 Nxd2 13. Qxd2 a5 14. c5 Bc7 15. a4 Be8 16. Qd3 g5 17. g4 Bxe5 18. dxe5 Nd7 19. Qd4 f4 20. Rac1 Bg6 21. Kf2 Rb8 22. Ba3 Qc7 23. Bb2 b6 24. cxb6 Qxb6 25. Qxb6 Rxb6 26. Ba3 Rc8 27. Be7 Rxb3 28. Bxg5 Rb4 29. h4 Nxe5 30. h5 Be8 31. Be7 Rxa4 32. Bd6 Nf7 33. Bc5 Ra8 34. Ra1 Rc4 35. Rfc1 Rxc1 36. Rxc1 Kg7 37. Rb1 Kf6 38. Rb7 e5 39. e3 fxe3+ 40. Kxe3 a4 41. Be7+ Kg7 42. Ba3 Kg8 43. Bf1 Rc8 44. Bc5 Ra8 45. Ba3 c5 46. Bxc5 d4+ 47. Kf2 a3 48. Rb1 a2 49. Ra1 Ra4 50. Bd3 Bc6 51. Be7 Bd5 52. Bc2 Ra7 53. Bb4 Rb7 54. Ba3 Rc7 55. Bd1 Rc3 56. Bb2 Rc8 57. Bc1 Nd6 58. Ba3 Nb5 59. Bb2 Rb8 60. Bc2 Nc7 61. Ba3 Na6 62. Kg3 Nb4 63. Bf5 Bc4 64. f4 d3 65. Bxb4 Rxb4 66. Bxd3 exf4+ 67. Kh4 Bxd3 68. Rxa2 f3 69. Kg3 Be2 70. Ra7 Rxg4+ 0-1

[Event "Quebec op U2000"]
[Site "Ste-Foy CAN"]
[Date "2017.08.13"]
[Round "3.23"]
[White "Pecorini, Angie"]
[Black "Sauve, Richard"]
[Result "0-1"]
[WhiteElo "1901"]
[BlackElo "1857"]
[WhiteFideId "-1"]
[WhiteFideId "-1"]
[PlyCount "90"]
[GameId "2160767908347347"]
[EventDate "2017.08.12"]
[EventType "swiss"]
[EventRounds "9"]
[EventCountry "CAN"]
[SourceTitle "EXT 2022"]
[Source "ChessBase"]
[SourceDate "2021.10.06"]
[SourceVersion "1"]
[SourceVersionDate "2021.10.06"]
[SourceQuality "1"]

1. d4 d5 2. c4 e6 3. Nc3 c6 4. e3 Bd6 5. Bd3 f5 6. Nf3 Nf6 7. O-O O-O 8. b3 Ne4 9. Ne2 Bd7 10. Bb2 Be8 11. Ne5 Nd7 12. f3 Nef6 13. Qd2 a5 14. c5 Bc7 15. Rfc1 Nh5 16. a3 Qb8 17. f4 Ndf6 18. Nc3 Ne4 19. Nxe4 fxe4 20. Be2 Qd8 21. b4 g5 22. g3 Kh8 23. Rf1 gxf4 24. exf4 Qf6 25. Kf2 Ng7 26. Ke1 Qh6 27. Rf2 Nf5 28. Ng4 Qg7 29. Ne3 Qh6 30. Qc3 Rg8 31. Ng4 Qg7 32. Ne5 Qh6 33. Bc1 Qh3 34. Bf1 Qh6 35. g4 axb4 36. axb4 Rxa1 37. Qxa1 e3 38. Re2 Qh4+ 39. Kd1 Bxe5 40. gxf5 Rg1 41. fxe5 Rxf1+ 42. Kc2 Qe4+ 43. Kc3 Rd1 44. Kb2 Qxd4+ 45. Kb1 Rxc1+ 0-1

[Event "Quebec op U2000"]
[Site "Ste-Foy CAN"]
[Date "2017.08.13"]
[Round "3.24"]
[White "Lalonde, Jean-Louis"]
[Black "Desbiens, Raphael"]
[Result "0-1"]
[WhiteElo "1891"]
[BlackElo "1954"]
[WhiteFideId "-1"]
[WhiteFideId "-1"]
[PlyCount "94"]
[GameId "2160767908347348"]
[EventDate "2017.08.12"]
[EventType "swiss"]
[EventRounds "9"]
[EventCountry "CAN"]
[SourceTitle "EXT 2022"]
[Source "ChessBase"]
[SourceDate "2021.10.06"]
[SourceVersion "1"]
[SourceVersionDate "2021.10.06"]
[SourceQuality "1"]

1. d4 Nf6 2. Nf3 g6 3. c4 Bg7 4. Nc3 d5 5. e3 O-O 6. Be2 c5 7. O-O cxd4 8. exd4 Nc6 9. Be3 Bg4 10. Rc1 Rc8 11. cxd5 Nxd5 12. Nxd5 Qxd5 13. b3 Rfd8 14. h3 Bxf3 15. Bxf3 Qd6 16. Qc2 Qd7 17. Qe2 Nxd4 18. Bxd4 Bxd4 19. Rxc8 Rxc8 20. Rd1 Rd8 21. Qc4 e5 22. Rc1 Bb6 23. Rd1 Qe7 24. Rxd8+ Bxd8 25. Qa4 b6 26. Bd5 Kg7 27. Qc6 Qf6 28. Qd7 Be7 29. Qc6 Qf4 30. g3 Qf5 31. Qc3 Bc5 32. Qf3 Qxf3 33. Bxf3 f5 34. Bd5 Kf6 35. Kg2 Ba3 36. Kf3 e4+ 37. Ke2 Ke5 38. Bg8 h6 39. f4+ Kf6 40. Bd5 g5 41. fxg5+ hxg5 42. Bc6 Ke5 43. h4 gxh4 44. gxh4 f4 45. h5 f3+ 46. Kf1 Bc1 47. a4 Bg5 0-1

[Event "Quebec op U2000"]
[Site "Ste-Foy CAN"]
[Date "2017.08.13"]
[Round "3.25"]
[White "Lapierre, Gaetan"]
[Black "Sarra-Bournet, Marc"]
[Result "1/2-1/2"]
[WhiteElo "1926"]
[BlackElo "1793"]
[WhiteFideId "-1"]
[WhiteFideId "-1"]
[PlyCount "194"]
[GameId "2160767908347349"]
[EventDate "2017.08.12"]
[EventType "swiss"]
[EventRounds "9"]
[EventCountry "CAN"]
[SourceTitle "EXT 2022"]
[Source "ChessBase"]
[SourceDate "2021.10.06"]
[SourceVersion "1"]
[SourceVersionDate "2021.10.06"]
[SourceQuality "1"]

1. e4 e5 2. Nf3 Nc6 3. Bb5 a6 4. Bxc6 dxc6 5. d4 exd4 6. Qxd4 Bg4 7. Qxd8+ Rxd8 8. Bg5 f6 9. Be3 Bd6 10. Nbd2 Ne7 11. h3 Bc8 12. O-O-O O-O 13. g4 Ng6 14. Nd4 Nf4 15. Nc4 Nxh3 16. Nxd6 cxd6 17. Rxh3 Bxg4 18. Rhh1 Bxd1 19. Kxd1 Rfe8 20. f3 d5 21. Ke2 dxe4 22. f4 Rd5 23. c4 Rd7 24. c5 g6 25. Rg1 Kf7 26. Rh1 h5 27. f5 Rh8 28. fxg6+ Kxg6 29. Rg1+ Kf7 30. Nf5 Ke6 31. Nh4 Rhh7 32. Ng6 Rdg7 33. Nf4+ Kf7 34. Rd1 Ke8 35. Rd6 Rf7 36. Bd4 f5 37. Bf6 Rd7 38. Re6+ Kf7 39. Bh4 Rg7 40. Rf6+ Kg8 41. Rxf5 Rdf7 42. Rxf7 Kxf7 43. Ke3 Rg4 44. Bf2 h4 45. Nh3 Kf6 46. Ng1 Kf5 47. Ne2 h3 48. Bg3 Rg7 49. Kf2 Kg4 50. Ke3 Rf7 51. Bd6 Rf3+ 52. Kxe4 h2 53. Bxh2 Rf2 54. Nc3 Rxh2 55. Na4 Re2+ 56. Kd3 Re5 57. Kd4 Kf5 58. Nc3 Re1 59. Kc4 Rh1 60. Kb4 Rh2 61. Na4 Ke5 62. Ka5 Rh4 63. b3 Kd5 64. b4 Rh3 65. Nb6+ Ke6 66. a4 Rh4 67. Nc8 Kd7 68. Nd6 Kc7 69. Ne8+ Kb8 70. Nd6 Rf4 71. Ne8 Rf8 72. Nd6 Kc7 73. Nc4 Rd8 74. Nb6 Rd4 75. Na8+ Kb8 76. Nb6 Rd8 77. Nc4 Ka7 78. Nb6 Kb8 79. Nc4 Kc7 80. Nb6 Rb8 81. Nc4 b5 82. cxb6+ Kd7 83. Ne5+ Kd6 84. Nd3 c5 85. Nxc5 Kc6 86. Nxa6 Rxb6 87. b5+ Kb7 88. Nc5+ Ka7 89. Kb4 Rd6 90. Nb3 Rh6 91. Nd2 Rh4+ 92. Nc4 Kb7 93. a5 Rh6 94. Ne3 Rh4+ 95. Nc4 Rh6 96. Ne5 Re6 97. Nc4 Rh6 1/2-1/2

[Event "Quebec op U2000"]
[Site "Ste-Foy CAN"]
[Date "2017.08.13"]
[Round "3.26"]
[White "Beauchesne, Jonathan"]
[Black "Marchand, Jacques"]
[Result "1-0"]
[WhiteElo "1778"]
[BlackElo "1915"]
[WhiteFideId "-1"]
[WhiteFideId "-1"]
[PlyCount "133"]
[GameId "2160767908347350"]
[EventDate "2017.08.12"]
[EventType "swiss"]
[EventRounds "9"]
[EventCountry "CAN"]
[SourceTitle "EXT 2022"]
[Source "ChessBase"]
[SourceDate "2021.10.06"]
[SourceVersion "1"]
[SourceVersionDate "2021.10.06"]
[SourceQuality "1"]

1. e4 e5 2. Nf3 Nc6 3. Bb5 f5 4. exf5 e4 5. Qe2 Qe7 6. Bxc6 dxc6 7. Nd4 Qe5 8. Ne6 Bxe6 9. fxe6 Qxe6 10. Nc3 Nf6 11. d3 Bb4 12. Bd2 Bxc3 13. Bxc3 O-O 14. Bxf6 gxf6 15. O-O Rae8 16. Rfe1 f5 17. dxe4 Qxe4 18. Qd2 Qg4 19. Qc3 f4 20. Qc4+ Kh8 21. Re4 Rxe4 22. Qxe4 Qf5 23. Qxf5 Rxf5 24. Kf1 Kg7 25. Ke2 Kf6 26. Rd1 Rd5 27. Rd3 Rxd3 28. Kxd3 Ke5 29. f3 h5 30. g4 fxg3 31. hxg3 b5 32. b4 c5 33. bxc5 c6 34. a3 a6 35. c3 a5 36. Ke3 Kd5 37. Kf4 Kc4 38. Ke5 Kxc3 39. f4 b4 40. f5 b3 41. f6 b2 42. f7 b1=Q 43. f8=Q Qd3 44. Qf2 Qd5+ 45. Kf6 Qd8+ 46. Kg6 Qe8+ 47. Kg5 Qe5+ 48. Kh4 Kb3 49. Qf3+ Ka4 50. Qf4+ Qxf4+ 51. gxf4 Kxa3 52. f5 Kb2 53. f6 a4 54. f7 a3 55. f8=Q a2 56. Qb8+ Kc2 57. Qa7 Kb1 58. Qb6+ Kc2 59. Qa5 Kb1 60. Qb4+ Kc2 61. Qa3 Kb1 62. Qb3+ Ka1 63. Kg5 h4 64. Kf5 h3 65. Qxh3 Kb2 66. Qh8+ Kb1 67. Ke6 1-0

[Event "Quebec op U2000"]
[Site "Ste-Foy CAN"]
[Date "2017.08.13"]
[Round "3.27"]
[White "Liard, Serge"]
[Black "Richard, Leo"]
[Result "1-0"]
[WhiteElo "1991"]
[BlackElo "1734"]
[WhiteFideId "-1"]
[WhiteFideId "-1"]
[PlyCount "89"]
[GameId "2160767908347351"]
[EventDate "2017.08.12"]
[EventType "swiss"]
[EventRounds "9"]
[EventCountry "CAN"]
[SourceTitle "EXT 2022"]
[Source "ChessBase"]
[SourceDate "2021.10.06"]
[SourceVersion "1"]
[SourceVersionDate "2021.10.06"]
[SourceQuality "1"]

1. e4 e5 2. Nf3 Nc6 3. Bb5 a6 4. Ba4 Nf6 5. Bxc6 dxc6 6. d3 Bd6 7. Nbd2 O-O 8. Nc4 Re8 9. Bg5 b5 10. Ne3 c5 11. Nd5 Be6 12. Bxf6 gxf6 13. Ne3 Kh8 14. Nh4 Rg8 15. Nhf5 Bxf5 16. Nxf5 Rxg2 17. Ng3 Qc8 18. Qh5 Qg8 19. Qf3 Rxg3 20. hxg3 Qg6 21. O-O-O Rg8 22. Rh5 Rg7 23. Rdh1 Kg8 24. Qf5 Qxf5 25. Rxf5 Rg6 26. Rfh5 Rg7 27. Kd1 Kh8 28. Ke2 Kg8 29. a4 b4 30. c3 a5 31. cxb4 cxb4 32. Rc1 c5 33. Rch1 Kh8 34. Kd2 Kg8 35. Kc2 c4 36. dxc4 Rg4 37. R5h4 Rxh4 38. Rxh4 Bc5 39. f3 Kg7 40. Rh2 Bd4 41. Kd3 Kg8 42. c5 Bxc5 43. Kc4 Bb6 44. Kb5 Bd8 45. Rd2 1-0

[Event "Quebec op U2000"]
[Site "Ste-Foy CAN"]
[Date "2017.08.14"]
[Round "4.25"]
[White "Lapierre, Gaetan"]
[Black "Robillard, Jean-Philippe"]
[Result "0-1"]
[WhiteElo "1926"]
[BlackElo "1825"]
[WhiteFideId "-1"]
[WhiteFideId "-1"]
[PlyCount "72"]
[GameId "2160767908347352"]
[EventDate "2017.08.12"]
[EventType "swiss"]
[EventRounds "9"]
[EventCountry "CAN"]
[SourceTitle "EXT 2022"]
[Source "ChessBase"]
[SourceDate "2021.10.06"]
[SourceVersion "1"]
[SourceVersionDate "2021.10.06"]
[SourceQuality "1"]

1. e4 e6 2. d4 d5 3. e5 c5 4. c3 Nc6 5. Nf3 Bd7 6. Be2 Nge7 7. O-O cxd4 8. cxd4 Nf5 9. Nc3 Be7 10. g4 Nh4 11. Nxh4 Bxh4 12. Be3 f6 13. f4 Qe7 14. Qd2 O-O-O 15. a3 Rdg8 16. b4 g5 17. b5 Nd8 18. Rac1 Kb8 19. exf6 Qxf6 20. Qc2 Nf7 21. fxg5 Qe7 22. b6 axb6 23. Bf4+ Nd6 24. Nxd5 exd5 25. Qc7+ Ka7 26. Bxd6 Qe3+ 27. Kh1 Bf2 28. Kg2 Qxe2 29. Rxf2 Qxg4+ 30. Bg3 Rxg5 31. Re1 Qh3+ 32. Kh1 Rhg8 33. Re3 Bf5 34. Rb3 Be4+ 35. Kg1 R5g6 36. Rf7 Qg2# 0-1

[Event "Quebec op U2000"]
[Site "Ste-Foy CAN"]
[Date "2017.08.14"]
[Round "4.30"]
[White "Cummins, Paul"]
[Black "Boulianne, Gabriel"]
[Result "1/2-1/2"]
[WhiteElo "1781"]
[BlackElo "1832"]
[WhiteFideId "-1"]
[WhiteFideId "-1"]
[PlyCount "25"]
[GameId "2160767908347353"]
[EventDate "2017.08.12"]
[EventType "swiss"]
[EventRounds "9"]
[EventCountry "CAN"]
[SourceTitle "EXT 2022"]
[Source "ChessBase"]
[SourceDate "2021.10.06"]
[SourceVersion "1"]
[SourceVersionDate "2021.10.06"]
[SourceQuality "1"]

1. e4 d5 2. exd5 Qxd5 3. Nc3 Qd6 4. d4 Nf6 5. Be2 a6 6. Be3 Nc6 7. Bf3 Bf5 8. a3 O-O-O 9. g4 Be6 10. g5 Nd5 11. Ne4 Qd7 12. Nc5 Qd6 13. Ne4 1/2-1/2

[Event "Quebec op U2000"]
[Site "Ste-Foy CAN"]
[Date "2017.08.14"]
[Round "4.31"]
[White "Bourassa, Andre"]
[Black "Perreault, Jacquelin"]
[Result "0-1"]
[WhiteElo "1825"]
[BlackElo "1665"]
[WhiteFideId "-1"]
[WhiteFideId "-1"]
[PlyCount "50"]
[GameId "2160767908347354"]
[EventDate "2017.08.12"]
[EventType "swiss"]
[EventRounds "9"]
[EventCountry "CAN"]
[SourceTitle "EXT 2022"]
[Source "ChessBase"]
[SourceDate "2021.10.06"]
[SourceVersion "1"]
[SourceVersionDate "2021.10.06"]
[SourceQuality "1"]

1. d4 Nf6 2. c4 e6 3. Nc3 Bb4 4. Qb3 Bxc3+ 5. Qxc3 b6 6. f3 d5 7. b3 O-O 8. Bb2 Bb7 9. g3 Nbd7 10. Bg2 Rc8 11. e4 dxe4 12. f4 c5 13. O-O-O Qe7 14. dxc5 Nxc5 15. Nh3 Nd3+ 16. Kb1 Nxb2 17. Kxb2 b5 18. Rd4 Nd5 19. Qe1 bxc4 20. Bxe4 Qf6 21. Qf2 Nb4 22. Ka3 Bxe4 23. Rxe4 Qc3 24. Re5 Nc2+ 25. Ka4 Qb4# 0-1